Quanum Field Theory (Record no. 531317)
[ view plain ]
| 000 -LEADER | |
|---|---|
| fixed length control field | 00345nam a2200133Ia 4500 |
| 008 - FIXED-LENGTH DATA ELEMENTS--GENERAL INFORMATION | |
| fixed length control field | 191014s9999 xx 000 0 und d |
| 020 ## - INTERNATIONAL STANDARD BOOK NUMBER | |
| International Standard Book Number | 0-521-40006-6 |
| 082 ## - DEWEY DECIMAL CLASSIFICATION NUMBER | |
| Classification number | 530.143 |
| Author Mark | BRO |
| 100 ## - MAIN ENTRY--PERSONAL NAME | |
| Personal name | Lowell S. Brown |
| 9 (RLIN) | 24046 |
| 245 #0 - TITLE STATEMENT | |
| Title | Quanum Field Theory |
| 260 ## - PUBLICATION, DISTRIBUTION, ETC. | |
| Place of publication, distribution, etc. | Pakistan |
| Name of publisher, distributor, etc. | National Books Fundation |
| Date of publication, distribution, etc. | 1996 |
| 300 ## - PHYSICAL DESCRIPTION | |
| Extent | Xiv,542 |
| 942 ## - ADDED ENTRY ELEMENTS (KOHA) | |
| Koha item type | Book |
| Withdrawn status | Lost status | Damaged status | Not for loan | Permanent Location | Current Location | Date acquired | Source of acquisition | Cost, normal purchase price | Total Checkouts | Full call number | Barcode | Date last seen | Price effective from | Koha item type | Source of classification or shelving scheme | Shelving location |
|---|---|---|---|---|---|---|---|---|---|---|---|---|---|---|---|---|
| School of Natural Sciences (SNS) | School of Natural Sciences (SNS) | 10/15/2019 | Donation | 0.00 | 530.143BRO | SNS0003094 | 10/15/2019 | 10/15/2019 | Book | |||||||
| School of Natural Sciences (SNS) | School of Natural Sciences (SNS) | 06/30/2021 | 530.143 BRO | SNS0001920 | 06/30/2021 | 06/30/2021 | Book | General Stacks |
